000 00633nam a22002537a 4500
003 UA-OsUOA
001 23227
007 ta
008 20040115b un ||||| |||| 00| 0 ukr d
100 _aМузичка Іван
090 _a25
_bМ89
942 _cBK
040 _aUA-OsUOA
_bukr
_cUA-OsUOA
_dUA-OsUOA
245 _aХристиянство в житті особи і народу
_bВибрані твори
300 _a387 с.
_bІлюстрації
955 _a0
041 _aukr
080 _a25
020 _a966-7569-14-4
260 _aКиїв
_c1999
044 _aUA
650 7 _2UDC
999 _c309471
_d309471